Museo Arqueológico : guía abreviada / autores: Jordi Rovira Port ... [et al.] guía abreviada / autores:
Descripción Física:
[16] p. : il. col. ; 24 cm
Otros Autores:
Rovira i Port, Jordi
Materias:
Museu Arqueològic de Barcelona -- Guies
MARC
| LEADER | 00000nam a2200000Ia 4500 | ||
|---|---|---|---|
| 001 | 12778 | ||
| 008 | 160829s9999 xx 000 0 cat d | ||
| 080 | |a FU-14-79 | ||
| 100 | |a Museu Arqueològic de Barcelona | ||
| 245 | |a Museo Arqueológico : |b guía abreviada / autores: |b Jordi Rovira Port ... [et al.] | ||
| 250 | |a Ed. en castellano | ||
| 260 | |a [Barcelona] : |b Diputació de Barcelona, DL 1986 | ||
| 300 | |a [16] p. : |b il. col. ; |c 24 cm | ||
| 590 | |a Existeix una edició en català | ||
| 610 | 2 | 0 | |a Museu Arqueològic de Barcelona |v Guies |9 55273 |
| 700 | |a Rovira i Port, Jordi |9 34106 | ||
| 901 | |a Arxiu | ||
| 942 | |n 1 | ||
| 952 | |0 0 |1 0 |4 0 |6 FU1479 |7 1 |9 48075 |a Arxiu |b Arxiu |d 2016-12-01 |l 0 |o FU-14-79 |p 12778 |r 2016-12-01 00:00:00 |w 2016-12-01 |y ARXIU | ||
| 999 | |c 51878 |d 51878 | ||